书目信息 |
| 题名: |
实用运筹学
|
|
| 作者: | 王文秀 , 祝远华 主编 | |
| 分册: | ||
| 出版信息: | 北京 航空工业出版社 2020.2 |
|
| 页数: | 137页 | |
| 开本: | 19cm | |
| 丛书名: | ||
| 单 册: | ||
| 中图分类: | O22 | |
| 科图分类: | ||
| 主题词: | 运筹学--教材 | |
| 电子资源: | ||
| ISBN: | 978-7-5165-2213-4 | |
| 000 | 00998nam0 2200229 450 | |
| 001 | 2053934295 | |
| 005 | 20201105145912.23 | |
| 010 | @a978-7-5165-2213-4@dCNY58.00 | |
| 100 | @a20200616d2020 em y0chiy0110 ea | |
| 101 | 0 | @achi |
| 102 | @aCN@b110000 | |
| 105 | @af z 000zy | |
| 200 | 1 | @a实用运筹学@9Shi Yong Yun Chou Xue@f王文秀,祝远华主编 |
| 210 | @a北京@c航空工业出版社@d2020.2 | |
| 215 | @a137页@d19cm | |
| 330 | @a本书以运筹学理论方法在实际中的应用为主线,在介绍运筹学理论方法的基础上重点强调如何运用运筹学的理论方法解决实际问题,具较强的应用型和实用性。主要包括绪论、资源分配优化、计划安排优化、预测分析、存储管理优化、装备更新、决策分析等7个部分。本书适合从事计划、管理等方面的理论与应用研究人员,军队院校中从事装备保障、管理、指挥等专业工作的教员、研究生、现职军官及生长军官学员等。 | |
| 606 | 0 | @a运筹学@j教材 |
| 690 | 0 | @aO22@v5 |
| 701 | 0 | @a王文秀@9Wang Wen Xiu@4主编 |
| 701 | 0 | @a祝远华@9Zhu Yuan Hua@4主编 |
| 801 | 0 | @aCN@b(网众)采访数据@c20201012 |
| 905 | @aZUCC@dO22@eW377 | |
| 实用运筹学/王文秀,祝远华主编.-北京:航空工业出版社,2020.2 |
| 137页;19cm |
| ISBN 978-7-5165-2213-4:CNY58.00 |
| 本书以运筹学理论方法在实际中的应用为主线,在介绍运筹学理论方法的基础上重点强调如何运用运筹学的理论方法解决实际问题,具较强的应用型和实用性。主要包括绪论、资源分配优化、计划安排优化、预测分析、存储管理优化、装备更新、决策分析等7个部分。本书适合从事计划、管理等方面的理论与应用研究人员,军队院校中从事装备保障、管理、指挥等专业工作的教员、研究生、现职军官及生长军官学员等。 |
| ● |
| 相关链接 |
|
|
|
正题名:实用运筹学
索取号:O22/W377
 
预约/预借
| 序号 | 登录号 | 条形码 | 馆藏地/架位号 | 状态 | 备注 |
| 1 | 1479468 | 214794686 | 自科库401/401自科库 78排2列5层/ [索取号:O22/W377] | 在馆 | |
| 2 | 1479469 | 214794695 | 自科库401/401自科库 78排2列5层/ [索取号:O22/W377] | 在馆 |